[Event "Challenge"]
[Site "http://www.queenalice.com/game.php?id=776348"]
[Date "2010.5.16"]
[Round "-"]
[White "RuCam"]
[Black "Lord_Lelis"]
[Result "1-0"]
[WhiteElo "1816"]
[BlackElo "1709"]

1. e4 e6 2. Bc4 d5 3. exd5 exd5 4. Bb3 c6 5. Nf3 Bc5 6. d3 Nf6 7. h3 Nbd7 8. O-O
h6 9. Nc3 Nh7 10. Re1+ Kf8 11. Bf4 Qb6 12. Be3 Bxe3 13. fxe3 Ndf6 14. d4 Bxh3
15. gxh3 Re8 16. Ne5 c5 17. dxc5 Qxc5 18. Qd4 Qe7 19. Ng4 Ng5 20. Nxf6 gxf6 21.
Nxd5 Qe5 22. Qxe5 fxe5 23. Rad1 Nf3+ 24. Kh1 Nxe1 25. Rxe1 Rc8 26. Re2 Rg8 27.
Nf6 Rg6 28. Nd7+ Kg7 29. Nxe5 Rf6 30. Rg2+ Kf8 31. Nd7+ Ke7 32. Nxf6 Kxf6 33.
Rf2+ Ke5 34. Rxf7 Ke4 35. Rxb7 Kxe3 36. Rxa7 Kf2 37. Rf7+ Kg3 38. c3 Re8 39.
Rg7+ Kxh3 40. Bd5 h5 41. Bf7 1-0

[Event "Challenge"]
[Site "http://www.queenalice.com/game.php?id=780139"]
[Date "2010.5.24"]
[Round "-"]
[White "Mauricio1990"]
[Black "Lord_Lelis"]
[Result "1-0"]
[WhiteElo "1837"]
[BlackElo "1739"]

1. d4 Nf6 2. c4 e5 3. d5 Ne4 4. Nf3 Bb4+ 5. Bd2 Bc5 6. e3 d6 7. Bd3 f5 8. Nc3
O-O 9. Nxe4 fxe4 10. Bxe4 Bg4 11. h3 Bxf3 12. Bxf3 Qf6 13. O-O Nd7 14. Bg4 Rf7
15. Be6 Rf8 16. b4 Bb6 17. Rc1 c6 18. Qg4 1-0

[Event "Challenge"]
[Site "http://www.queenalice.com/game.php?id=780140"]
[Date "2010.5.24"]
[Round "-"]
[White "Lord_Lelis"]
[Black "Mauricio1990"]
[Result "0-1"]
[WhiteElo "1725"]
[BlackElo "1876"]

1. g3 d5 2. Bg2 e5 3. b3 c5 4. Bb2 Nc6 5. e3 Nf6 6. Nf3 Bd6 7. Na3 a6 8. c4 d4
9. exd4 cxd4 10. Qe2 Bf5 11. O-O O-O 12. d3 Nd7 13. Nh4 Qg5 14. Nxf5 Qxf5 15.
Be4 Qg5 16. Bc1 Qe7 17. Nc2 f5 18. Bxc6 bxc6 19. Ne1 Rae8 20. Ng2 e4 21. Qh5 Qf7
22. Qxf7+ Rxf7 23. dxe4 fxe4 24. Nh4 Be7 25. Ng2 Ne5 26. Nf4 Bb4 27. Re1 Bxe1
28. Bb2 Bxf2+ 29. Kxf2 Nd3+ 30. Kg2 Nxb2 31. Rb1 Rxf4 32. gxf4 Nd3 33. Kg3 e3
34. Rd1 e2 35. Rxd3 e1=Q+ 36. Kg4 Qe2+ 37. Rf3 h5+ 0-1

[Event "Challenge"]
[Site "http://www.queenalice.com/game.php?id=805964"]
[Date "2010.7.20"]
[Round "-"]
[White "Lintz"]
[Black "Lord_Lelis"]
[Result "1-0"]
[WhiteElo "1675"]
[BlackElo "1718"]

1. e4 e6 2. Nf3 d5 3. e5 c5 4. d4 Nc6 5. c3 Nh6 6. Bxh6 gxh6 7. Nbd2 Qb6 8. Qb3
cxd4 9. Qxb6 axb6 10. Be2 dxc3 11. bxc3 Bg7 12. Bb5 Bd7 13. Bxc6 Bxc6 14. O-O
O-O-O 15. Rab1 b5 16. Rfe1 Rhg8 17. h3 f5 18. Nb3 d4 19. Nfxd4 Bxe5 20. Nxc6
Bxc3 21. Nxd8 Bxe1 22. Rxe1 Rxd8 23. Rxe6 Kc7 24. Rxh6 b4 25. Rxh7+ Kc6 26. h4
b6 27. h5 1-0

[Event "Challenge"]
[Site "http://www.queenalice.com/game.php?id=805965"]
[Date "2010.7.20"]
[Round "-"]
[White "Lord_Lelis"]
[Black "Lintz"]
[Result "1-0"]
[WhiteElo "1700"]
[BlackElo "1693"]

1. e4 e5 2. Nf3 Qe7 3. Bc4 g6 4. c3 Bg7 5. d3 Nf6 6. Nbd2 c6 7. h3 O-O 8. Nh2 d6
9. Ndf3 a5 10. Be3 Be6 11. Bb3 Bxb3 12. axb3 Nbd7 13. Qd2 b5 14. Bh6 Qd8 15. Ng4
Re8 16. O-O-O Re7 17. Bxg7 Kxg7 18. Qh6+ Kh8 19. Ng5 Qg8 20. f3 c5 21. h4 b4 22.
c4 Nxg4 23. fxg4 Nf6 24. Nf3 Nxg4 25. Qg5 Nf2 26. Qxe7 Nxd1 27. Rxd1 Qf8 28.
Qf6+ 1-0

[Event "Challenge"]
[Site "http://www.queenalice.com/game.php?id=830543"]
[Date "2010.9.9"]
[Round "-"]
[White "Lord_Lelis"]
[Black "MONTENEGRO"]
[Result "0-1"]
[WhiteElo "1702"]
[BlackElo "1593"]

1. e4 c5 2. c3 e6 3. Nf3 Nc6 4. d4 d5 5. dxc5 Bxc5 6. Be3 Bxe3 7. fxe3 Nge7 8.
Bb5 a6 9. Bxc6+ bxc6 10. Nbd2 O-O 11. h3 Qb6 12. b4 Qxe3+ 13. Qe2 Qxe2+ 14. Kxe2
f6 15. Nh2 f5 16. exd5 cxd5 17. Rhf1 e5 18. Ndf3 a5 19. Nxe5 Ba6+ 20. c4 dxc4
21. Rf2 axb4 22. Rf4 g5 23. Rd4 Rfe8 24. Nhf3 Nc6 25. Rd5 Nxe5 26. Rxe5 Rxe5+
0-1

[Event "A Vida é Bela"]
[Site "http://www.queenalice.com/game.php?id=840734"]
[Date "2010.10.2"]
[Round "-"]
[White "Lintz"]
[Black "Lord_Lelis"]
[Result "1-0"]
[WhiteElo "1736"]
[BlackElo "1717"]

1. e4 e6 2. Nf3 c6 3. c4 b5 4. cxb5 cxb5 5. Bxb5 Nc6 6. O-O Nf6 7. e5 Nd5 8.
Bxc6 dxc6 9. d4 Bb4 10. a3 Ba5 11. b4 Bb6 12. Bb2 Ba6 13. Re1 O-O 14. Qc2 Nf4
15. Re4 Bd3 16. Qd2 Bxe4 17. Qxf4 Bxf3 18. Qxf3 Bxd4 19. Nc3 Bxe5 20. Rd1 Qc7
21. g3 Rad8 22. Qe2 Bxc3 23. Bxc3 c5 24. Rxd8 Rxd8 25. Qg4 f5 26. Qe2 Qd6 27.
bxc5 Qd1+ 28. Qxd1 Rxd1+ 29. Kg2 Rc1 30. Bd4 e5 31. Bxe5 Rxc5 32. Bd6 Rc4 33. h3
Kf7 34. Kf3 Ke6 35. Bb4 g5 36. Ke3 Kd5 37. f3 h5 38. Be7 1-0

[Event "O Pau Vai Quebrar"]
[Site "http://www.queenalice.com/game.php?id=840735"]
[Date "2010.10.2"]
[Round "-"]
[White "Lord_Lelis"]
[Black "Lintz"]
[Result "1/2-1/2"]
[WhiteElo "1716"]
[BlackElo "1738"]

1. e4 c5 2. d4 cxd4 3. c3 dxc3 4. Nxc3 e5 5. Nf3 d6 6. Bb5+ Nc6 7. Qa4 Bd7 8.
O-O Be7 9. Rd1 Nf6 10. b3 a6 11. Bxc6 Bxc6 12. Qc4 O-O 13. Nxe5 Rc8 14. Qe2 Qc7
15. Nxc6 Qxc6 16. Nd5 Bd8 17. Bb2 Nxd5 18. exd5 Qd7 19. Rd3 f5 20. Rg3 Bf6 21.
Bxf6 Rxf6 22. Re1 Kf8 23. Re3 Rf7 24. Re6 g6 25. Qe3 f4 26. Qd4 Kg8 27. Qb4 Rd8
28. h3 Kf8 29. Qd4 Kg8 1/2-1/2

[Event "Desforra2"]
[Site "http://www.queenalice.com/game.php?id=872611"]
[Date "2010.12.16"]
[Round "-"]
[White "Lord_Lelis"]
[Black "Mauricio1964"]
[Result "0-1"]
[WhiteElo "1612"]
[BlackElo "1894"]

1. e4 e5 2. f4 Nf6 3. Nc3 Bb4 4. fxe5 Bxc3 5. exf6 Bxf6 6. Bc4 d6 7. d4 Nc6 8.
c3 Ne7 9. Qf3 Qd7 10. Nh3 Bh4+ 11. Nf2 O-O 12. Bg5 Bxg5 13. O-O b5 14. Bb3 Bb7
15. Ng4 Ng6 16. g3 Rae8 17. Rf2 Bxe4 18. Bxf7+ Rxf7 0-1